00245nam a2200109Ia 4500100002000000654001300020245004200033260002700075082001300102300000800115546001200123 aDeb/ Kalyanmoy  aComputer aOptimization for Engineering Design bP.H.IaNew Delhic1995 a5.1bDEB a381 aENGLISH